Testing international theory: an examination of reciprocal causal relationships among family, school, and delinquency

Saved in:  
Bibliographic Details
Contributors: Thornberry, Terence P. (Other) ; Lizotte, Alan J. (Other) ; Krohn, Marvin D. 1947- (Other) ; Farnworth, Margaret (Other) ; Jang, Sung Joon (Other)
Format: Print Article
Language:English
Published: 1991
In: The journal of criminal law and criminology
Year: 1991, Volume: 82, Issue: 1, Pages: 3-35
Check availability: HBZ Gateway
Keywords:

MARC

LEADER 00000caa a22000002c 4500
001 164020606X
003 DE-627
005 20220608131409.0
007 tu
008 160223s1991 xx ||||| 00| ||eng c
035 |a (DE-627)164020606X 
035 |a (DE-576)456083774 
035 |a (DE-599)BSZ456083774 
040 |a DE-627  |b ger  |c DE-627  |e rakwb 
041 |a eng 
245 0 0 |a Testing international theory: an examination of reciprocal causal relationships among family, school, and delinquency  |c Terence P. Thornberry, Alan J. Lizotte, Marvin D. Krohn, Margaret Farnworth, Sung Joon Jang 
264 1 |c 1991 
336 |a Text  |b txt  |2 rdacontent 
337 |a ohne Hilfsmittel zu benutzen  |b n  |2 rdamedia 
338 |a Band  |b nc  |2 rdacarrier 
700 1 |a Thornberry, Terence P.  |0 (DE-588)1046321439  |0 (DE-627)776095838  |0 (DE-576)167551507  |4 oth 
700 1 |a Lizotte, Alan J.  |4 oth 
700 1 |a Krohn, Marvin D.  |d 1947-  |0 (DE-588)170163555  |0 (DE-627)060209860  |0 (DE-576)161837654  |4 oth 
700 1 |a Farnworth, Margaret  |4 oth 
700 1 |a Jang, Sung Joon  |0 (DE-588)1115828487  |0 (DE-627)870065378  |0 (DE-576)421134011  |4 oth 
773 0 8 |i In  |t The journal of criminal law and criminology  |d Chicago, Ill. : Northwestern University Pritzker School of Law, 1931  |g 82(1991), 1, Seite 3-35  |w (DE-627)129545813  |w (DE-600)218239-7  |w (DE-576)014996103  |x 0091-4169  |7 nnas 
773 1 8 |g volume:82  |g year:1991  |g number:1  |g pages:3-35 
935 |a mkri 
951 |a AR 
ELC |b 1 
LOK |0 000 xxxxxcx a22 zn 4500 
LOK |0 001 3301642896 
LOK |0 003 DE-627 
LOK |0 004 164020606X 
LOK |0 005 20250804120929 
LOK |0 008 160208||||||||||||||||ger||||||| 
LOK |0 040   |a DE-21-110  |c DE-627  |d DE-21-110 
LOK |0 689   |a s  |a Familie 
LOK |0 689   |a s  |a Schule 
LOK |0 689   |a s  |a Verlaufsforschung 
LOK |0 689   |a s  |a Täterbefragungen 
LOK |0 689   |a s  |a Kontrolltheorie 
LOK |0 689   |a s  |a Kriminalität 
LOK |0 689   |a s  |a Rochester Youth Development Study 
LOK |0 689   |a s  |a Interaktionismus 
LOK |0 689   |a s  |a Theorien 
LOK |0 852   |a DE-21-110 
LOK |0 852 1  |m p  |9 00 
LOK |0 935   |a k110 
LOK |0 938   |k p 
LOK |0 939   |a 08-02-16  |b l01 
ORI |a SA-MARC-krimdoka001.raw